<?xml version="1.0" encoding="UTF-8"?><?xml-stylesheet type="text/xsl" href="static/style.xsl"?><OAI-PMH xmlns="http://www.openarchives.org/OAI/2.0/" xmlns:xsi="http://www.w3.org/2001/XMLSchema-instance" xsi:schemaLocation="http://www.openarchives.org/OAI/2.0/ http://www.openarchives.org/OAI/2.0/OAI-PMH.xsd"><responseDate>2026-04-13T04:58:15Z</responseDate><request verb="GetRecord" identifier="oai:www.recercat.cat:2117/393109" metadataPrefix="marc">https://recercat.cat/oai/request</request><GetRecord><record><header><identifier>oai:recercat.cat:2117/393109</identifier><datestamp>2025-07-17T15:57:17Z</datestamp><setSpec>com_2072_1033</setSpec><setSpec>col_2072_452951</setSpec></header><metadata><record xmlns="http://www.loc.gov/MARC21/slim" xmlns:dcterms="http://purl.org/dc/terms/" xmlns:xsi="http://www.w3.org/2001/XMLSchema-instance" xmlns:doc="http://www.lyncode.com/xoai" xsi:schemaLocation="http://www.loc.gov/MARC21/slim http://www.loc.gov/standards/marcxml/schema/MARC21slim.xsd">
   <leader>00925njm 22002777a 4500</leader>
   <datafield ind2=" " ind1=" " tag="042">
      <subfield code="a">dc</subfield>
   </datafield>
   <datafield ind2=" " ind1=" " tag="720">
      <subfield code="a">Cilleruelo García, Enrique</subfield>
      <subfield code="e">author</subfield>
   </datafield>
   <datafield ind2=" " ind1=" " tag="720">
      <subfield code="a">Ballera Navarro, Enric</subfield>
      <subfield code="e">author</subfield>
   </datafield>
   <datafield ind2=" " ind1=" " tag="260">
      <subfield code="c">2023-07-19</subfield>
   </datafield>
   <datafield ind2=" " ind1=" " tag="520">
      <subfield code="a">La propuesta que se presenta surge de un hallazgo en un territorio de nadie: un lugar límite descubierto a lo largo de una frontera administrativa, donde nada ha pasado durante décadas pero que supone un punto clave en los caminos de vecinos y habitantes [humanos y no humanos].&#xd;
&#xd;
El proyecto pone en valor la intersección de dos vectores: el Biológico y el Antropológico. Estos vectores se cruzan en un área definida por dos sectores del planeamiento que se encuentran separados por el límite político entre Malgrat de Mar y Palafolls.&#xd;
&#xd;
Analizando la morfología y topología de estos vectores, descubrimos su utilidad y su importancia para el ecosistema y las formas de vivir en la zona: es una zona de paso, de uso recreativo y con potencial para ser un eje de conectividad biodiverso entre ambos municipios a la vez que un corredor natural. &#xd;
El  objetivo  principal  del  proyecto  es  conseguir  una  conexión  cohesiva  y  fluida  tanto para  los  humanos como  para  los  sistemas  biológicos  en  toda la zona urbanizable&#xd;
del Pla de la Verneda (donde se sitúan dichos sectores, PP-8 y P8-9). &#xd;
&#xd;
Para ello, sería necesario limitar el crecimiento de tejido urbano hacia los sectores buscando las conexiones humanas desde las trazas y trazados existentes. Sin embargo, el proyecto ha de lidiar con un condicionante en este sentido: ambos sectores presentan un Plan de Desarrollo a futuro para usos industriales y vivienda. Se utiliza esta premisa como elemento de proyecto y se integra en la propuesta, manifestando así, que la antropización del territorio no implica necesariamente la anulación del valor ecológico del mismo.&#xd;
&#xd;
Estas   lecturas  desde  lo  natural  en  relación  a lo  urbano  conducen  el  proyecto  a  la necesidad de mejorar la conectividad entre los municipios en sus límites, poniendo en valor el territorio intersticial, el no-lugar que queda al margen de la ciudad y que carga con una gran importancia ecológica y conectiva para todas las especies.</subfield>
   </datafield>
   <datafield tag="653" ind2=" " ind1=" ">
      <subfield code="a">Àrees temàtiques de la UPC::Urbanisme::Impacte ambiental</subfield>
   </datafield>
   <datafield tag="653" ind2=" " ind1=" ">
      <subfield code="a">Corridors (Ecology)</subfield>
   </datafield>
   <datafield tag="653" ind2=" " ind1=" ">
      <subfield code="a">City planning -- Environmental aspects</subfield>
   </datafield>
   <datafield tag="653" ind2=" " ind1=" ">
      <subfield code="a">Annexation (Municipal government)</subfield>
   </datafield>
   <datafield tag="653" ind2=" " ind1=" ">
      <subfield code="a">Vectores Regeneración Trazados Industria Paisaje</subfield>
   </datafield>
   <datafield tag="653" ind2=" " ind1=" ">
      <subfield code="a">Corredors biològics</subfield>
   </datafield>
   <datafield tag="653" ind2=" " ind1=" ">
      <subfield code="a">Urbanisme -- Aspectes ambientals</subfield>
   </datafield>
   <datafield tag="653" ind2=" " ind1=" ">
      <subfield code="a">Municipis -- Annexió</subfield>
   </datafield>
   <datafield ind2="0" ind1="0" tag="245">
      <subfield code="a">Entre dos vectores : corredor biológico y límites de ciudad productivos en el Pla de la Verneda de Malgrat de Mar</subfield>
   </datafield>
</record></metadata></record></GetRecord></OAI-PMH>